Loading...
| History - World History | 0 | 3 | 0 | 0 | 30 | 44 | 74.33 | 1 | 1 |
| History - Other History | 0 | 2 | 0 | 1 | 20 | 101 | 104.50 | 0 | 0 |
| Science - Physics | 0 | 1 | 0 | 0 | 10 | 79 | 79.00 | 0 | 0 |
| Geography | 0 | 1 | 0 | 0 | 10 | 91 | 91.00 | 0 | 0 |
| Science - Biology | 0 | 1 | 0 | 0 | 10 | 48 | 48.00 | 0 | 1 |
| Literature - European Literature | 0 | 1 | 0 | 0 | 10 | 96 | 96.00 | 0 | 0 |
| Fine Arts - Other Fine Arts | 0 | 1 | 0 | 0 | 10 | 82 | 82.00 | 1 | 1 |
| Painting/Sculpture | 0 | 1 | 2 | 0 | 0 | 72 | 72.00 | 0 | 0 |
| Philosophy | 0 | 1 | 2 | 0 | 0 | 65 | 65.00 | 0 | 1 |
| Science - Other Science | 0 | 1 | 2 | 1 | 0 | 102 | 102.00 | 0 | 0 |
| History - European History | 0 | 0 | 2 | 0 | -10 | 0.00 | 0 | 0 | |
| Social Science | 0 | 0 | 2 | 0 | -10 | 0.00 | 0 | 0 |